[Event "16.Open Seefeld"]
[Site "Oesterreich / Seefeld"]
[Date "2005.09.25"]
[Round "9"]
[White "Sailer, Douglas"]
[Black "Rausch, Stephan"]
[Result "1/2-1/2"]
[WhiteElo "2224"]
[BlackElo "2337"]
[PlyCount "167"]
[EventDate "2005.09.17"]

1. e4 e6 2. d4 d5 3. Nc3 Bb4 4. Nge2 dxe4 5. a3 Bxc3+ 6. Nxc3 f5 7. f3 exf3 8.
Qxf3 Nf6 9. Bf4 O-O 10. O-O-O c6 11. Be2 Nbd7 12. Qg3 Nb6 13. h4 Nbd5 14. Nxd5
cxd5 15. Be5 Bd7 16. h5 Rc8 17. Kb1 Ba4 18. Rc1 Qd7 19. h6 g6 20. Bd3 Ng4 21.
Bg7 Rf7 22. Rhe1 Re8 23. c4 Bc6 24. Re2 Nf6 25. Bxf6 Rxf6 26. Qe5 Ref8 27. b4
a6 28. Ka1 dxc4 29. Bxc4 Bd5 30. Bxd5 Qxd5 31. Qxd5 exd5 32. Rc7 R6f7 33. Ree7
b5 34. Kb2 g5 35. Kc3 g4 36. Kd2 Rxe7 37. Rxe7 Rf6 38. Rg7+ Kh8 39. Rd7 Rxh6
40. Rxd5 Rf6 41. g3 Kg7 42. Ke3 h5 43. Kf4 Kg6 44. Rc5 Rd6 45. d5 Kf6 46. Rc6
Ke7 47. Rc7+ Kd8 48. Rc5 Rf6 49. Ke5 Rf8 50. Kf4 Re8 51. Rc6 Re4+ 52. Kxf5 Re3
53. Rh6 Rxa3 54. Ke6 Kc7 55. Rh7+ Kb6 56. Kd7 a5 57. Rh6+ Kb7 58. bxa5 Rxa5 59.
Rxh5 b4 60. Kd6 b3 61. Rh1 b2 62. Rb1 Rb5 63. Ke5 Kc7 64. Ke6 Rb3 65. Kf5 Rb4
66. Ke5 Kd7 67. d6 Rb6 68. Kf4 Rb4+ 69. Ke5 Rb5+ 70. Kf4 Kxd6 71. Kxg4 Ke5 72.
Re1+ Kd4 73. Rb1 Kc3 74. Kf4 Kc2 75. Rxb2+ Kxb2 76. g4 Kc3 77. g5 Kd4 78. g6
Rb1 79. Kf5 Rb5+ 80. Kf6 Rb6+ 81. Kf7 Kc5 82. g7 Rb7+ 83. Kg6 Rb6+ 84. Kh7
1/2-1/2

[Event "16.Open Seefeld"]
[Site "Oesterreich / Seefeld"]
[Date "2005.09.25"]
[Round "9"]
[White "Wiesinger, Robert"]
[Black "Kesik, Klaus-Dieter"]
[Result "0-1"]
[WhiteElo "2235"]
[BlackElo "2266"]
[PlyCount "130"]
[EventDate "2005.09.17"]

1. e4 Nf6 2. e5 Nd5 3. d4 d6 4. Nf3 g6 5. Bc4 Nb6 6. Bb3 Bg7 7. O-O O-O 8. exd6
cxd6 9. c3 N8d7 10. Re1 Nf6 11. h3 Bf5 12. Nbd2 a5 13. Nc4 Nxc4 14. Bxc4 Rc8
15. Bf1 Re8 16. Bb5 Bd7 17. Bxd7 Qxd7 18. a4 Nd5 19. Be3 Qc6 20. Nd2 Nb6 21.
Qb3 Nd5 22. Nf3 e6 23. Nd2 h6 24. f3 Kh7 25. Bf2 Re7 26. Bg3 Rd7 27. Re2 Bf6
28. Ne4 Be7 29. Kh1 Nb6 30. Nd2 Kg7 31. Bf4 Nc4 32. Nxc4 Qxc4 33. Qxc4 Rxc4 34.
Rd2 g5 35. Be3 d5 36. Kg1 Bd8 37. Bf2 b5 38. axb5 Rb7 39. Bg3 Rxb5 40. Bd6 Rc6
41. Ba3 Kf6 42. Kf2 Rcb6 43. Ke2 Bc7 44. Kd3 Bg3 45. Rc2 Kf5 46. Bc5 Rb7 47. b4
Bc7 48. Rca2 axb4 49. cxb4 Kf4 50. Ra7 Kg3 51. Rxb7 Rxb7 52. Ra2 e5 53. Rb2 f5
54. dxe5 Bxe5 55. Re2 Bg7 56. Bd6+ f4 57. Bc5 Rb8 58. Ra2 Bf6 59. Bf2+ Kh2 60.
Bc5 Bh8 61. Bd6 Re8 62. b5 Re3+ 63. Kd2 Kxg2 64. b6 Rb3 65. Bc5 Rb5 0-1

[Event "16.Open Seefeld"]
[Site "Oesterreich / Seefeld"]
[Date "2005.09.25"]
[Round "9"]
[White "Ballon, Guenther-Jan"]
[Black "Kyas, Juergen"]
[Result "1/2-1/2"]
[WhiteElo "2213"]
[BlackElo "2240"]
[PlyCount "28"]
[EventDate "2005.09.17"]

1. d4 Nf6 2. c4 g6 3. Nc3 d5 4. Bf4 Bg7 5. e3 c5 6. dxc5 Qa5 7. Nf3 O-O 8. Rc1
dxc4 9. Bxc4 Qxc5 10. Qb3 Nc6 11. Qb5 Qxb5 12. Bxb5 Bd7 13. Ne5 Nxe5 14. Bxe5
Bxb5 1/2-1/2

[Event "16.Open Seefeld"]
[Site "Oesterreich / Seefeld"]
[Date "2005.09.25"]
[Round "9"]
[White "Lagrotteria, Salvatore"]
[Black "Ermel, Dirk"]
[Result "1-0"]
[WhiteElo "2214"]
[BlackElo "2208"]
[PlyCount "113"]
[EventDate "2005.09.17"]

1. d4 c5 2. d5 e5 3. e4 d6 4. Bb5+ Bd7 5. Bxd7+ Nxd7 6. a4 Be7 7. Nf3 Ngf6 8.
Qe2 O-O 9. O-O a6 10. a5 b5 11. axb6 Qxb6 12. Nfd2 Rfb8 13. Nc4 Qc7 14. Na5 Rb5
15. Nc6 Bf8 16. Rxa6 Rxa6 17. Qxb5 Rb6 18. Qe2 Nb8 19. Na5 Qa7 20. Nc4 Rb7 21.
Nba3 Na6 22. c3 Nb8 23. Bg5 Nbd7 24. Ra1 Qb8 25. Rd1 Rb3 26. Bc1 Qa7 27. f3 Qa6
28. Qc2 Qa4 29. Bg5 Ne8 30. Rc1 Nc7 31. Nd2 c4 32. Naxc4 Nc5 33. Nxb3 Nxb3 34.
Ne3 Qa7 35. Re1 Na5 36. Qa4 Qb6 37. Bd8 g6 38. Bh4 Na6 39. Bf2 Nc5 40. Qb4 Qa6
41. Rd1 Bh6 42. Ng4 Bg5 43. h4 Bd8 44. Qb8 Nab7 45. Nxe5 dxe5 46. Bxc5 Qe2 47.
Rf1 Nxc5 48. Qxd8+ Kg7 49. Qg5 Nd3 50. d6 f6 51. Qg3 Qxb2 52. d7 Qb6+ 53. Kh2
Qc7 54. Qg4 f5 55. exf5 e4+ 56. g3 Qxd7 57. f6+ 1-0

[Event "16.Open Seefeld"]
[Site "Oesterreich / Seefeld"]
[Date "2005.09.25"]
[Round "9"]
[White "Keller, Manfred"]
[Black "Schoetzig, Detlef"]
[Result "1/2-1/2"]
[WhiteElo "2184"]
[BlackElo "2124"]
[PlyCount "30"]
[EventDate "2005.09.17"]

1. d4 Nf6 2. Nc3 d5 3. Bg5 e6 4. e4 dxe4 5. Nxe4 Be7 6. Bxf6 Bxf6 7. Nf3 b6 8.
Qd2 Bb7 9. Bb5+ Bc6 10. Nxf6+ gxf6 11. Be2 Qd6 12. O-O-O Bb7 13. Qh6 Nd7 14.
Qg7 Qf8 15. Qxf8+ Nxf8 1/2-1/2

[Event "16.Open Seefeld"]
[Site "Oesterreich / Seefeld"]
[Date "2005.09.25"]
[Round "9"]
[White "Thoeny, Hermann"]
[Black "Meschke, Andreas"]
[Result "1/2-1/2"]
[WhiteElo "2136"]
[BlackElo "2154"]
[PlyCount "51"]
[EventDate "2005.09.17"]

1. d4 d5 2. Nf3 Nf6 3. e3 Bf5 4. c4 c6 5. Nc3 e6 6. Bd3 Bxd3 7. Qxd3 Bd6 8. O-O
O-O 9. e4 dxe4 10. Nxe4 Nxe4 11. Qxe4 Qf6 12. Bg5 Qg6 13. Qh4 Nd7 14. Rfe1 h6
15. Be7 Bxe7 16. Qxe7 Rfd8 17. Rad1 a5 18. d5 Qf6 19. Qa3 cxd5 20. cxd5 exd5
21. Rxd5 Nb6 22. Rxd8+ Rxd8 23. b3 Rd5 24. Qc1 Qd8 25. h3 Nd7 26. Qf4 1/2-1/2

[Event "16.Open Seefeld"]
[Site "Oesterreich / Seefeld"]
[Date "2005.09.25"]
[Round "9"]
[White "Born, Bernd-Ludger"]
[Black "Stabolewski, Andreas"]
[Result "1/2-1/2"]
[WhiteElo "2036"]
[BlackElo "2225"]
[PlyCount "40"]
[EventDate "2005.09.17"]

1. d4 f5 2. g3 Nf6 3. Bg2 g6 4. c3 Bg7 5. Nd2 Nc6 6. Qb3 d5 7. f4 e6 8. Ngf3
O-O 9. Ne5 Nxe5 10. fxe5 Ne4 11. Nxe4 fxe4 12. Rf1 b6 13. Be3 Rxf1+ 14. Kxf1 a5
15. Kg1 Ba6 16. Qc2 Qe7 17. Rf1 c5 18. Qd2 cxd4 19. cxd4 Rc8 20. Bh3 Rf8
1/2-1/2

[Event "16.Open Seefeld"]
[Site "Oesterreich / Seefeld"]
[Date "2005.09.25"]
[Round "9"]
[White "Strasser, Josef (D)"]
[Black "Santl, Anton"]
[Result "1/2-1/2"]
[WhiteElo "1940"]
[BlackElo "2132"]
[PlyCount "31"]
[EventDate "2005.09.17"]

1. e4 Nf6 2. e5 Nd5 3. c4 Nb6 4. b3 d6 5. exd6 cxd6 6. d4 g6 7. Bb2 Bg7 8. h3
O-O 9. Nf3 Nc6 10. Be2 a5 11. a3 Bf5 12. O-O Be4 13. Nbd2 Bxf3 14. Nxf3 e6 15.
Qd2 a4 16. b4 1/2-1/2

[Event "16.Open Seefeld"]
[Site "Oesterreich / Seefeld"]
[Date "2005.09.25"]
[Round "9"]
[White "Gruber, Michael"]
[Black "Kuehlmeyer, Klaus"]
[Result "0-1"]
[WhiteElo "2122"]
[BlackElo "2027"]
[PlyCount "110"]
[EventDate "2005.09.17"]

1. e4 c5 2. Nf3 e6 3. b3 Nc6 4. Bb2 d5 5. Bb5 dxe4 6. Ne5 Bd7 7. Bxc6 Bxc6 8.
Nxc6 bxc6 9. Nc3 Nf6 10. Qe2 Qd4 11. Qa6 Qd7 12. O-O-O Rb8 13. a3 Bd6 14. Rhe1
Be5 15. Nxe4 Bxb2+ 16. Kxb2 Rb6 17. Nxf6+ gxf6 18. Qe2 Rg8 19. g3 Qd4+ 20. Ka2
Ke7 21. Qf3 c4 22. b4 a5 23. c3 Qd6 24. Qe3 Rgb8 25. d3 Qd5 26. Qd4 Qxd4 27.
cxd4 cxd3 28. Rxd3 axb4 29. Rb3 bxa3 30. Rxb6 Rxb6 31. Kxa3 f5 32. Re5 Rb5 33.
f4 Rxe5 34. fxe5 f6 35. Kb4 fxe5 36. dxe5 Kd8 37. Ka5 Kc8 38. Kb6 Kd7 39. Ka5
Kc7 40. Ka6 h6 41. h3 h5 42. h4 c5 43. Kb5 c4 44. Kxc4 Kc6 45. Kd4 Kb5 46. Ke3
Kc4 47. Kf4 Kd4 48. Kg5 Kxe5 49. Kxh5 Kf6 50. g4 e5 51. g5+ Kg7 52. g6 e4 53.
Kg5 e3 54. h5 e2 55. h6+ Kg8 0-1

[Event "16.Open Seefeld"]
[Site "Oesterreich / Seefeld"]
[Date "2005.09.25"]
[Round "9"]
[White "Hoffmann, Bernhard"]
[Black "Schmidt, Juergen"]
[Result "1-0"]
[WhiteElo "1950"]
[BlackElo "2122"]
[PlyCount "87"]
[EventDate "2005.09.17"]

1. d4 d5 2. Nf3 Nf6 3. c4 e6 4. g3 Be7 5. Bg2 O-O 6. O-O Ne4 7. Nbd2 f5 8. Ne5
Nd7 9. Ndf3 Bf6 10. Qb3 c6 11. Nxd7 Qxd7 12. Bf4 g5 13. Ne5 Qc7 14. Be3 Bxe5
15. dxe5 b6 16. f3 Nc5 17. Qa3 Qxe5 18. Bxg5 Qg7 19. Qe3 Re8 20. cxd5 cxd5 21.
b4 Na6 22. Bh6 Qf6 23. g4 Nxb4 24. Rac1 d4 25. Qd2 Nd5 26. g5 Qf7 27. f4 Bb7
28. Qxd4 Rac8 29. Qe5 Qd7 30. Bf3 Rc5 31. Rxc5 bxc5 32. Rc1 Rc8 33. Bxd5 Bxd5
34. Qf6 c4 35. g6 hxg6 36. Qxg6+ Kh8 37. Qf6+ Kh7 38. Rc3 Rg8+ 39. Bg5 Rg7 40.
Rh3+ Kg8 41. Kf2 Qc7 42. Rg3 Qb6+ 43. e3 Qa5 44. Qxg7+ 1-0

[Event "16.Open Seefeld"]
[Site "Oesterreich / Seefeld"]
[Date "2005.09.25"]
[Round "9"]
[White "Oettinger, Hagen"]
[Black "Meier, Alexander"]
[Result "1/2-1/2"]
[WhiteElo "2100"]
[BlackElo "1972"]
[PlyCount "171"]
[EventDate "2005.09.17"]

1. d4 Nf6 2. Nf3 g6 3. g3 Bg7 4. Bg2 d6 5. O-O O-O 6. c4 Nbd7 7. Nc3 e5 8. e4
Ne8 9. dxe5 dxe5 10. Be3 c6 11. Qd2 Qc7 12. Rac1 Nd6 13. b3 Nf6 14. Nxe5 Ndxe4
15. Nxe4 Nxe4 16. Bxe4 Qxe5 17. Bg2 Bf5 18. Qb4 Qc7 19. Bf4 Qb6 20. Qxb6 axb6
21. a4 Rfd8 22. Rfe1 Bb2 23. Rcd1 Bc3 24. Rxd8+ Rxd8 25. Rc1 Bb2 26. Re1 Bc2
27. Bf1 Rd1 28. Re2 Bd3 29. Rxb2 Bxf1 30. f3 Bxc4+ 31. Kf2 Bd5 32. Ke2 Rg1 33.
Kf2 Rh1 34. g4 f6 35. Bd6 Rd1 36. Re2 Bxb3 37. Re8+ Kg7 38. Re7+ Bf7 39. Bb4
Rd4 40. Bc3 Rc4 41. Bd2 Rxa4 42. Rxb7 Ra2 43. Ke3 Ra3+ 44. Kf2 Rb3 45. h4 Kf8
46. Be3 c5 47. Rb8+ Kg7 48. Rb7 Rb4 49. Kg3 h5 50. Bh6+ Kg8 51. Rb8+ Kh7 52. g5
fxg5 53. hxg5 h4+ 54. Kh3 Be6+ 55. Kg2 Rb2+ 56. Kg1 Bd5 57. Rd8 Bxf3 58. Rd7+
Kg8 59. Rd8+ Kf7 60. Rf8+ Ke6 61. Rxf3 b5 62. Rf6+ Ke5 63. Rxg6 Kf4 64. Rf6+
Kg3 65. g6 h3 66. Bf4+ Kh4 67. Be5 Rg2+ 68. Kf1 Kh5 69. Rf3 Kxg6 70. Rxh3 Rc2
71. Rc3 Rxc3 72. Bxc3 b4 73. Bh8 Kf5 74. Ke2 Ke4 75. Kd2 Kd5 76. Kc2 Kc4 77.
Bg7 Kb5 78. Kb3 c4+ 79. Kb2 Ka4 80. Bh8 Ka5 81. Bf6 Kb5 82. Bg7 Kc5 83. Bf8+
Kb5 84. Bg7 b3 85. Kc3 Kc5 86. Bf8+ 1/2-1/2

[Event "16.Open Seefeld"]
[Site "Oesterreich / Seefeld"]
[Date "2005.09.25"]
[Round "9"]
[White "Verhoef, Helge"]
[Black "Fournell, Udo"]
[Result "0-1"]
[WhiteElo "2086"]
[BlackElo "1891"]
[PlyCount "38"]
[EventDate "2005.09.17"]

1. d4 d5 2. c4 c6 3. Nf3 Nf6 4. Nc3 e6 5. Bg5 dxc4 6. e4 b5 7. e5 h6 8. Bh4 g5
9. Nxg5 hxg5 10. Bxg5 Nbd7 11. exf6 Bb7 12. g3 c5 13. d5 Qb6 14. Bg2 O-O-O 15.
O-O b4 16. Rb1 Qa6 17. Na4 exd5 18. b3 c3 19. Bxd5 Ne5 0-1

[Event "16.Open Seefeld"]
[Site "Oesterreich / Seefeld"]
[Date "2005.09.25"]
[Round "9"]
[White "Schmidt, Wolfgang"]
[Black "Schwammberger, Eugen"]
[Result "1/2-1/2"]
[WhiteElo "2091"]
[BlackElo "1950"]
[PlyCount "59"]
[EventDate "2005.09.17"]

1. e4 c5 2. Nf3 d6 3. d4 cxd4 4. Nxd4 Nf6 5. Nc3 a6 6. Bc4 e6 7. Bb3 Be7 8. Qe2
O-O 9. Be3 Nc6 10. O-O-O Qc7 11. Rhg1 b5 12. g4 b4 13. Nxc6 Qxc6 14. Nd5 Bd8
15. g5 Nxd5 16. exd5 Qc7 17. g6 hxg6 18. dxe6 Bxe6 19. Bxe6 fxe6 20. Rxg6 Rf6
21. Rdg1 Rxg6 22. Rxg6 Qf7 23. Qg4 Bf6 24. Kb1 Rc8 25. h4 d5 26. h5 Rc4 27. Qg2
Kh7 28. Qf3 Re4 29. Rg4 Rxg4 30. Qxg4 1/2-1/2

[Event "16.Open Seefeld"]
[Site "Oesterreich / Seefeld"]
[Date "2005.09.25"]
[Round "9"]
[White "Wiesbeck, Florian"]
[Black "Becking, Franz-Josef"]
[Result "0-1"]
[WhiteElo "1964"]
[BlackElo "2076"]
[PlyCount "147"]
[EventDate "2005.09.17"]

1. d4 Nf6 2. c4 e6 3. Nc3 Bb4 4. e3 Ne4 5. Qc2 Nxc3 6. bxc3 Be7 7. e4 d6 8. Nf3
O-O 9. e5 b6 10. Bd3 g6 11. Be4 d5 12. cxd5 exd5 13. Bd3 Bg4 14. Nd2 c5 15. h3
Be6 16. Qb2 c4 17. Bc2 Qd7 18. a4 Nc6 19. Nf3 Bf5 20. Be3 Na5 21. Nd2 f6 22.
exf6 Bxf6 23. Bxf5 Qxf5 24. O-O Rae8 25. Qb1 Be7 26. Qxf5 Rxf5 27. Rab1 Nb7 28.
Rfe1 Bf8 29. Re2 Nd6 30. g3 Rf6 31. Kf1 Rfe6 32. Rbe1 a6 33. Bf4 Rxe2 34. Rxe2
Rxe2 35. Kxe2 b5 36. Bxd6 Bxd6 37. axb5 axb5 38. Nf1 Kf7 39. Ne3 Ke6 40. f4 Bc7
41. Nc2 Ba5 42. Kd2 Kf5 43. Ne3+ Ke4 44. Ng4 Bd8 45. Ke2 Be7 46. Nf2+ Kf5 47.
Ke3 b4 48. g4+ Ke6 49. cxb4 Bxb4 50. Nd1 Kd6 51. Ke2 Kc6 52. Ne3 Bd6 53. f5
gxf5 54. Nxf5 Bf4 55. Kd1 Kb5 56. Kc2 Kc6 57. Kd1 Kd7 58. Ke2 Ke6 59. Kd1 Kf6
60. Ke2 Bc1 61. Kd1 Bb2 62. Kc2 Ba3 63. Kd1 Kg5 64. Ne3 Bb2 65. Nxd5 Bxd4 66.
Ke2 Kh4 67. Nb4 Kxh3 68. Kf3 Kh2 69. Nc2 Bb6 70. Na3 c3 71. Nc2 Kg1 72. Kf4 Kf2
73. Ke4 Ke2 74. g5 0-1

[Event "16.Open Seefeld"]
[Site "Oesterreich / Seefeld"]
[Date "2005.09.25"]
[Round "9"]
[White "Perkmann, Gottfried"]
[Black "Kreusch, Frank"]
[Result "1/2-1/2"]
[WhiteElo "1690"]
[BlackElo "2037"]
[PlyCount "20"]
[EventDate "2005.09.17"]

1. Nf3 Nf6 2. c4 g6 3. Nc3 d5 4. cxd5 Nxd5 5. e4 Nxc3 6. bxc3 Bg7 7. Ba3 O-O 8.
Bc4 Nc6 9. Bb3 Bg4 10. d4 Na5 1/2-1/2

[Event "16.Open Seefeld"]
[Site "Oesterreich / Seefeld"]
[Date "2005.09.25"]
[Round "9"]
[White "Strasser, Josef (A)"]
[Black "Favre, Bruno"]
[Result "1/2-1/2"]
[WhiteElo "1917"]
[BlackElo "2019"]
[PlyCount "112"]
[EventDate "2005.09.17"]

1. d4 Nf6 2. c4 e5 3. dxe5 Ng4 4. Bf4 Bb4+ 5. Nd2 Nc6 6. Ngf3 Qe7 7. a3 Ncxe5
8. Nxe5 Nxe5 9. e3 Bxd2+ 10. Qxd2 d6 11. Be2 O-O 12. O-O b6 13. Rac1 a5 14.
Rfd1 a4 15. Qd4 Nc6 16. Qd5 Bb7 17. Bd3 Ra5 18. Qe4 Qxe4 19. Bxe4 g5 20. Bg3 f5
21. Bd5+ Kg7 22. f3 Raa8 23. Be1 Rae8 24. Bc3+ Kg6 25. e4 Nd8 26. exf5+ Rxf5
27. Bxb7 Nxb7 28. Re1 Rxe1+ 29. Rxe1 Kf7 30. Kf2 Nc5 31. Ke3 Rf4 32. Bd4 Ne6
33. Rd1 Rh4 34. h3 h5 35. Rd2 Ke7 36. Rd1 c5 37. Bc3 Rxc4 38. Kd3 b5 39. Re1
Kf7 40. Rd1 h4 41. Ke3 Ke7 42. Rd5 Kd7 43. Be5 Rc2 44. Rxd6+ Ke7 45. Rb6 Rxg2
46. Rb7+ Ke8 47. Rxb5 Rg1 48. Ke4 Rh1 49. Kd5 Nf4+ 50. Bxf4 gxf4 51. Ke4 Rxh3
52. Kxf4 Rg3 53. Rxc5 Rg2 54. Rc8+ Kf7 55. Rh8 Rxb2 56. Rxh4 Rb3 1/2-1/2

[Event "16.Open Seefeld"]
[Site "Oesterreich / Seefeld"]
[Date "2005.09.25"]
[Round "9"]
[White "Riedl, Johannes"]
[Black "Matt, Stefan"]
[Result "1/2-1/2"]
[WhiteElo "2118"]
[BlackElo "1816"]
[PlyCount "65"]
[EventDate "2005.09.17"]

1. f4 d5 2. Nf3 Nf6 3. e3 c5 4. b3 Nc6 5. Bb5 Bd7 6. Bb2 e6 7. O-O Be7 8. Bxc6
Bxc6 9. Ne5 Qc7 10. d3 O-O 11. Qe1 Nd7 12. Nd2 f6 13. Nxc6 bxc6 14. e4 e5 15.
f5 Nb6 16. Rf3 a5 17. Rh3 Bd6 18. Qh4 h6 19. Qg4 Kh8 20. Nf3 Qf7 21. Nh4 Kh7
22. Ng6 Rg8 23. a4 Rab8 24. Bc3 Ra8 25. Bd2 c4 26. Qh5 Bf8 27. dxc4 dxc4 28.
Rd1 Rd8 29. Bxa5 Rxd1+ 30. Qxd1 Nxa4 31. Nxf8+ Rxf8 32. b4 Qa7+ 33. Kf1 1/2-1/2

[Event "16.Open Seefeld"]
[Site "Oesterreich / Seefeld"]
[Date "2005.09.25"]
[Round "9"]
[White "Kozlov, Alexander"]
[Black "Ranker, Klemens"]
[Result "1-0"]
[WhiteElo "2135"]
[BlackElo "1955"]
[PlyCount "35"]
[EventDate "2005.09.17"]

1. d4 Nf6 2. c4 d6 3. Nc3 g6 4. e4 Bg7 5. h3 O-O 6. Bg5 e5 7. d5 h6 8. Be3 Kh7
9. g4 Ng8 10. Nge2 f5 11. gxf5 gxf5 12. exf5 Bxf5 13. Ng3 Bg6 14. Bd3 Qe8 15.
Nh5 Bf5 16. Nxg7 Kxg7 17. Rg1+ Kh7 18. Qg4 1-0

[Event "16.Open Seefeld"]
[Site "Oesterreich / Seefeld"]
[Date "2005.09.25"]
[Round "9"]
[White "Russ, Colin"]
[Black "Urban, Rudolf"]
[Result "1-0"]
[WhiteElo "1964"]
[BlackElo "2050"]
[PlyCount "57"]
[EventDate "2005.09.17"]

1. Nf3 d5 2. d4 Nf6 3. c4 c6 4. Nc3 e6 5. Bg5 Be7 6. e3 O-O 7. Bd3 h6 8. Bxf6
Bxf6 9. O-O Nd7 10. Rc1 Re8 11. Qc2 dxc4 12. Bxc4 Nb6 13. Bb3 Nd5 14. Ne4 Be7
15. Ne5 Bd7 16. Nc5 Bc8 17. Qe2 Bd6 18. f4 Nf6 19. Qf3 Nd7 20. Ne4 Bc7 21. Qh5
Qe7 22. g4 Qf8 23. Rc2 Nf6 24. Nxf6+ gxf6 25. Nf3 Qg7 26. Rg2 Qg6 27. Qh4 Qe4
28. Re1 Qxf3 29. Qxh6 1-0

[Event "16.Open Seefeld"]
[Site "Oesterreich / Seefeld"]
[Date "2005.09.25"]
[Round "9"]
[White "Platzgummer, Fabian"]
[Black "Becker, Joerg"]
[Result "1-0"]
[WhiteElo "2032"]
[BlackElo "1798"]
[PlyCount "57"]
[EventDate "2005.09.17"]

1. e4 c5 2. Nf3 d6 3. Nc3 Nf6 4. d4 cxd4 5. Nxd4 a6 6. Be3 e5 7. Nb3 Be6 8. f3
Nbd7 9. Qd2 b5 10. O-O-O Nb6 11. Qf2 Nfd7 12. Kb1 b4 13. Nd5 Bxd5 14. exd5 Qc7
15. f4 Nc4 16. Bxc4 Qxc4 17. Na5 Qb5 18. Nc6 f6 19. Rhe1 Nb8 20. fxe5 dxe5 21.
Nxb8 Qxb8 22. g4 Be7 23. g5 O-O 24. gxf6 Bxf6 25. d6 Qd8 26. Qg2 Qd7 27. Qd5+
Kh8 28. Bb6 Rf7 29. Qxa8+ 1-0

[Event "16.Open Seefeld"]
[Site "Oesterreich / Seefeld"]
[Date "2005.09.25"]
[Round "9"]
[White "Plock, Christian"]
[Black "Werner, Bernd"]
[Result "1/2-1/2"]
[WhiteElo "1650"]
[BlackElo "2012"]
[PlyCount "135"]
[EventDate "2005.09.17"]

1. e4 e6 2. d4 d5 3. exd5 exd5 4. Nf3 Bd6 5. Bd3 Nf6 6. Bg5 h6 7. Bh4 O-O 8.
O-O Bg4 9. c3 Nbd7 10. Nbd2 Re8 11. Qc2 c6 12. Bf5 Bxf5 13. Qxf5 Qc7 14. Bxf6
Nxf6 15. Rfe1 Qd7 16. Qxd7 Nxd7 17. Kf1 Nf6 18. Rxe8+ Rxe8 19. Re1 g5 20. Rxe8+
Nxe8 21. h3 Nf6 22. Ke2 Kg7 23. Nb3 b6 24. Nc1 Nd7 25. Nd3 Kg6 26. Nde1 h5 27.
Nc2 f5 28. Nfe1 c5 29. Nd3 Kf6 30. f3 h4 31. b3 Ke6 32. a4 a6 33. b4 c4 34. Nf2
a5 35. b5 Nf6 36. Nd1 Nh5 37. Kf2 Bg3+ 38. Kf1 Bf4 39. Kf2 Bd2 40. Ke2 Bc1 41.
Kf2 Nf4 42. Kf1 Bd2 43. Nce3 Nd3 44. Ke2 Bc1 45. Nc2 Bf4 46. Nce3 Nc1+ 47. Kd2
Nd3 48. Ke2 Bg3 49. Nc2 Bh2 50. Nce3 Bg1 51. Nc2 Bh2 52. Nce3 Bd6 53. Nc2 Nf4+
54. Kf1 Nh5 55. Nde3 Bf4 56. Ke2 Bxe3 57. Nxe3 Nf4+ 58. Kf1 Nd3 59. Nd1 Kf6 60.
Ke2 Kg6 61. Ne3 Nf4+ 62. Kf1 Kf6 63. Kf2 Ke6 64. Kf1 Nd3 65. Nd1 Kd6 66. Ke2
Ke6 67. Kf1 Nc1 68. Ke1 1/2-1/2

[Event "16.Open Seefeld"]
[Site "Oesterreich / Seefeld"]
[Date "2005.09.25"]
[Round "9"]
[White "Titz, Waldemar"]
[Black "Scholz, Herbert"]
[Result "1/2-1/2"]
[WhiteElo "1541"]
[BlackElo "1994"]
[PlyCount "46"]
[EventDate "2005.09.17"]

1. e4 c6 2. d4 d5 3. Nd2 dxe4 4. Nxe4 Nd7 5. Nf3 Ngf6 6. Nxf6+ Nxf6 7. h3 g6 8.
Bd3 Bg7 9. c3 O-O 10. O-O Qc7 11. Qc2 c5 12. dxc5 Qxc5 13. Be3 Qc6 14. Nd4 Qc7
15. Nb5 Qb8 16. Rfe1 a6 17. Na3 e5 18. Bc5 b5 19. Bxf8 Bxf8 20. Be4 Nxe4 21.
Qxe4 Bd6 22. Rad1 Bf5 23. Qc6 Bc7 1/2-1/2

[Event "16.Open Seefeld"]
[Site "Oesterreich / Seefeld"]
[Date "2005.09.25"]
[Round "9"]
[White "Borries, Barbara"]
[Black "Platzgummer, Peter"]
[Result "0-1"]
[WhiteElo "1975"]
[BlackElo "1911"]
[PlyCount "54"]
[EventDate "2005.09.17"]

1. e4 c5 2. c3 d5 3. exd5 Qxd5 4. d4 Nc6 5. Nf3 Nf6 6. Be2 e6 7. O-O Be7 8. Na3
a6 9. Nc2 O-O 10. Be3 cxd4 11. cxd4 b5 12. Bf4 Rd8 13. Bc7 Re8 14. Ne3 Qd7 15.
Bg3 Bb7 16. Rc1 Rac8 17. a3 Red8 18. Nc2 Nd5 19. Ne5 Nxe5 20. dxe5 Qc6 21. Qe1
Bg5 22. f4 Nxf4 23. Bf3 Nd5 24. Qf2 Bxc1 25. Bxd5 Qxd5 26. Ne1 Qc5 27. Kh1 Qxf2
0-1

[Event "16.Open Seefeld"]
[Site "Oesterreich / Seefeld"]
[Date "2005.09.25"]
[Round "9"]
[White "Kircher, Werner"]
[Black "Gestrich, Wolfgang"]
[Result "1/2-1/2"]
[WhiteElo "2092"]
[BlackElo "1767"]
[PlyCount "23"]
[EventDate "2005.09.17"]

1. Nf3 Nf6 2. c4 c5 3. g3 d6 4. Bg2 e5 5. d3 Be7 6. O-O O-O 7. Nc3 h6 8. a3 a5
9. Bd2 Bd7 10. b3 Bc6 11. Ne1 Bxg2 12. Kxg2 1/2-1/2

[Event "16.Open Seefeld"]
[Site "Oesterreich / Seefeld"]
[Date "2005.09.25"]
[Round "9"]
[White "Auschkalnis, Reinhard"]
[Black "Aigner, Georg"]
[Result "1-0"]
[WhiteElo "1924"]
[BlackElo "2033"]
[PlyCount "85"]
[EventDate "2005.09.17"]

1. e4 e5 2. Nf3 Nf6 3. Nc3 Nc6 4. Bb5 d6 5. h3 Be7 6. d3 O-O 7. O-O Nd4 8. Nxd4
exd4 9. Ne2 c5 10. c3 dxc3 11. bxc3 Be6 12. Ba4 c4 13. Nd4 cxd3 14. Nxe6 fxe6
15. Qxd3 Kh8 16. Bg5 Qa5 17. Bxf6 Rxf6 18. Qb5 Qxb5 19. Bxb5 Rc8 20. Rac1 Bd8
21. Be2 Bb6 22. Bf3 Rf7 23. Rfd1 Bc5 24. Rd3 b5 25. Rcd1 Rfc7 26. Bg4 Re8 27.
R1d2 Kg8 28. Rb2 a6 29. Kf1 Kf7 30. f4 Ke7 31. f5 e5 32. Bd1 Rec8 33. Ke2 Bb6
34. a4 Rc5 35. axb5 axb5 36. g4 Ba5 37. Ra2 Bxc3 38. g5 b4 39. f6+ gxf6 40.
gxf6+ Kxf6 41. Rxd6+ Kg5 42. Kd3 Bd4 43. Rg2+ 1-0

[Event "16.Open Seefeld"]
[Site "Oesterreich / Seefeld"]
[Date "2005.09.25"]
[Round "9"]
[White "Ruprich, Udo"]
[Black "Klein, Reinhard"]
[Result "1/2-1/2"]
[WhiteElo "1995"]
[BlackElo "1911"]
[PlyCount "136"]
[EventDate "2005.09.17"]

1. e4 d5 2. exd5 Nf6 3. Nf3 Nxd5 4. d4 Bf5 5. c4 Nb6 6. Nc3 g6 7. Be3 Bg7 8. h3
Nc6 9. Qd2 h5 10. d5 Ne5 11. Nxe5 Bxe5 12. c5 Nd7 13. Bd3 Bxd3 14. Qxd3 Bg7 15.
O-O Nf6 16. Rad1 O-O 17. f4 Bh6 18. f5 Bxe3+ 19. Qxe3 Kh7 20. Rd4 Rg8 21. Re1
Qd7 22. Kh2 Rae8 23. fxg6+ Rxg6 24. Re2 Reg8 25. Qd3 Kh8 26. Rh4 Rg5 27. Rd4 e6
28. dxe6 Qxe6 29. Qf3 Qc6 30. Qxc6 bxc6 31. b4 Nd5 32. Nxd5 cxd5 33. b5 Rb8 34.
a4 a6 35. bxa6 Ra8 36. Re7 Rxa6 37. Rxc7 Kg7 38. Rd7 Rag6 39. Rd2 Ra6 40. R7xd5
Rxd5 41. Rxd5 Rxa4 42. Rxh5 Rc4 43. Rf5 Rc2 44. Kg3 Kg6 45. Rd5 Kf6 46. Kf3 Ke6
47. Rh5 f5 48. Rh6+ Ke5 49. c6 Rc3+ 50. Kf2 Rc2+ 51. Kg1 f4 52. Rh8 Rxc6 53.
Re8+ Kf5 54. Kf2 Rc2+ 55. Re2 Rc3 56. Rb2 Kg5 57. Rb5+ Kg6 58. Rd5 Rb3 59. h4
Kf6 60. h5 Ra3 61. h6 Kg6 62. Rd6+ Kh7 63. Rf6 Rb3 64. Rxf4 Kxh6 65. Rf3 Rb4
66. Kg3 Kg5 67. Rc3 Rg4+ 68. Kf3 Rf4+ 1/2-1/2

[Event "16.Open Seefeld"]
[Site "Oesterreich / Seefeld"]
[Date "2005.09.25"]
[Round "9"]
[White "Kesik, Marco"]
[Black "Wawrinsky, Ludwig"]
[Result "1/2-1/2"]
[WhiteElo "1609"]
[BlackElo "1916"]
[PlyCount "74"]
[EventDate "2005.09.17"]

1. d4 Nf6 2. c4 e6 3. Nc3 Bb4 4. Nf3 b6 5. Bg5 Bb7 6. e3 d6 7. Qa4+ Nc6 8. d5
Bxc3+ 9. bxc3 Qd7 10. Bxf6 gxf6 11. dxc6 Bxc6 12. Qc2 O-O-O 13. Bd3 Rdg8 14.
Kf1 Rg7 15. Ne1 h5 16. f3 h4 17. e4 Rhg8 18. a4 a5 19. Qd1 e5 20. Rg1 Kb8 21.
Qb3 Ka7 22. Nc2 f5 23. Ne3 fxe4 24. Bxe4 Bxe4 25. fxe4 Rg5 26. Ke2 Qc6 27. Kd3
f5 28. Nxf5 Rxf5 29. exf5 Rxg2 30. Qd1 e4+ 31. Ke3 Rxh2 32. Qd5 Qd7 33. Qxe4
Qh7 34. Raf1 h3 35. f6 Re2+ 36. Kxe2 Qxe4+ 37. Kd1 Qd3+ 1/2-1/2